|
|
|
|
| LEADER |
01493nam a2200289 i 4500 |
| 001 |
10021573 |
| 003 |
upatras |
| 005 |
20210117205548.0 |
| 008 |
990427s1998 gr gre d |
| 952 |
|
|
|0 0
|1 0
|2 ddc
|4 0
|6 889_334000000000000_ΒΓΕ
|7 0
|9 184069
|a LISP
|b LISP
|c BSC
|d 2016-04-24
|i 042912
|l 0
|o 889.334 ΒΓΕ
|p 025000054895
|r 2016-04-24 00:00:00
|t 1
|v 2016.00
|w 2016-04-24
|y BK15
|
| 952 |
|
|
|0 0
|1 0
|2 ddc
|4 0
|6 889_340000000000000_ΒΓΕ
|7 0
|9 237952
|a LISP
|b LISP
|c DON
|d 2019-12-19
|e ΓΑΛ
|i 141678
|l 0
|o 889.34 ΒΓΕ
|p 025000265382
|r 2019-12-19 00:00:00
|t 2
|v 2019.00
|w 2019-12-19
|y BKN
|
| 952 |
|
|
|0 0
|1 0
|2 ddc
|4 0
|6 889_334000000000000_ΒΓΕ
|7 0
|8 FIC
|9 242642
|a LISP
|b LISP
|c ALFa
|d 2020-08-18
|i 36919
|l 0
|o 889.334 ΒΓΕ
|p 025000275331
|r 2020-08-18 00:00:00
|t 3
|v 2020.00
|w 2020-08-18
|y BK15
|
| 999 |
|
|
|c 113484
|d 113484
|
| 020 |
|
|
|a 9602211466
|
| 040 |
|
|
|a GR-PaULI
|c GR-PaULI
|b gre
|e AACR2
|
| 041 |
0 |
|
|a gre
|
| 082 |
|
|
|a 889.334
|2 23
|
| 100 |
1 |
|
|a Βγενόπουλος, Ελισσαίος
|9 146166
|e συγγραφέας
|
| 245 |
1 |
0 |
|a Ολεμάν /
|c Ελισσαίος Βγενόπουλος.
|
| 260 |
|
|
|a Αθήνα :
|b Αλεξάνδρεια,
|c 1998.
|
| 300 |
|
|
|a 284 σ. ;
|c 21 εκ.
|
| 490 |
1 |
|
|a Ελληνική πεζογραφία / Αλεξάνδρεια
|
| 504 |
|
|
|a Περιλαμβάνει γλωσσάρι
|
| 760 |
0 |
|
|a Ελληνική πεζογραφία
|
| 830 |
|
0 |
|9 179325
|a Ελληνική πεζογραφία (Αλεξάνδρεια)
|
| 942 |
|
|
|2 ddc
|c BK15
|
| 998 |
|
|
|c ΔΡΑΚΟΠΟΥΛΟΥ
|d 1999-04
|